Living messages of the books of the Bible. (Record no. 3317)

000 -LEADER
fixed length control field 00614nam a2200181 a 4500
001 - CONTROL NUMBER
control field :::00001047$&:&@@
003 - CONTROL NUMBER IDENTIFIER
control field OkBaRHE
005 - DATE AND TIME OF LATEST TRANSACTION
control field 20100331160738.0
008 - FIXED-LENGTH DATA ELEMENTS--GENERAL INFORMATION
fixed length control field s1912 j 000 0 eng u
040 ## - CATALOGING SOURCE
Transcribing agency
100 1# - MAIN ENTRY--PERSONAL NAME
Personal name Morgan, George Campbell, 1863-1945.
245 10 - TITLE STATEMENT
Title Living messages of the books of the Bible.
260 ## - PUBLICATION, DISTRIBUTION, ETC. (IMPRINT)
Place of publication, distribution, etc New York, NY., :
Name of publisher, distributor, etc Fleming H. Revell Company
Date of publication, distribution, etc 1912
300 ## - PHYSICAL DESCRIPTION
Extent 625 p. : illus. ;
Dimensions 21 cm.
650 ## - SUBJECT ADDED ENTRY--TOPICAL TERM
Topical term or geographic name as entry element Bible
General subdivision Criticism, Interpretation, etc.
942 ## - ADDED ENTRY ELEMENTS (KOHA)
Source of classification or shelving scheme
Koha item type Books
Copies
Date acquired Not for loan Lost status Price effective from Damaged status Koha item type Source of classification or shelving scheme Permanent Location Copy number Full call number Date last seen Shelving location Withdrawn status Barcode
2010-04-14  2010-04-14 Books RHEMA Bible Training College1BS 511 .M53 19122010-04-14General Stacks 1047